| 000 | 00496nam a2200181Ia 4500 | ||
|---|---|---|---|
| 001 | 9029 | ||
| 005 | 20260306160653.0 | ||
| 008 | 260306t2011||||xx |||||||||||||| ||spa|| | ||
| 041 | _aESP | ||
| 082 |
_a372.358 _bS66 |
||
| 100 |
_aSolano Fernández, Isabel M. (coord.) _eAUT |
||
| 245 | 0 |
_aPodcast educativo: _baplicaciones y orientaciones del m-learning para la enseñanza |
|
| 260 | _c2011 | ||
| 300 |
_a170 páginas : _c24 cm. |
||
| 650 | _aGEN | ||
| 654 | _aCED | ||
| 942 |
_cLIB _dJUS _fJUS _2ddc _n |
||
| 999 |
_c9029 _d9029 |
||